Comparative politics in a globalizing world / (Record no. 1541)
[ view plain ]
| 000 -LEADER | |
|---|---|
| fixed length control field | 00990nac a22002291u 4500 |
| 010 ## - LIBRARY OF CONGRESS CONTROL NUMBER | |
| LC control number | 2005280895 |
| 020 ## - INTERNATIONAL STANDARD BOOK NUMBER | |
| International Standard Book Number | 0745630928 (cased) |
| 020 ## - INTERNATIONAL STANDARD BOOK NUMBER | |
| International Standard Book Number | 0745630936 (pbk.) |
| 035 ## - SYSTEM CONTROL NUMBER | |
| System control number | (OCoLC)ocm57751673 |
| 082 04 - DEWEY DECIMAL CLASSIFICATION NUMBER | |
| Classification number | 320.3 |
| Item number | H4241 |
| 090 ## - LOCALLY ASSIGNED LC-TYPE CALL NUMBER (OCLC); LOCAL CALL NUMBER (OCLC) | |
| -- | 1541 |
| -- | 1541 |
| 100 ## - MAIN ENTRY--PERSONAL NAME | |
| Personal name | Haynes, Jeffrey. |
| 245 10 - TITLE STATEMENT | |
| Title | Comparative politics in a globalizing world / |
| Statement of responsibility, etc | Jeffrey Haynes. |
| 260 ## - PUBLICATION, DISTRIBUTION, ETC. (IMPRINT) | |
| Place of publication, distribution, etc | Cambridge ; |
| -- | Malden, MA : |
| Name of publisher, distributor, etc | Polity, |
| Date of publication, distribution, etc | 2005. |
| 300 ## - PHYSICAL DESCRIPTION | |
| Extent | xi, 351 p. ; |
| Dimensions | 26 cm. |
| 504 ## - BIBLIOGRAPHY, ETC. NOTE | |
| Bibliography, etc | Includes bibliographical references (p. [320]-344) and index. |
| 650 #0 - SUBJECT ADDED ENTRY--TOPICAL TERM | |
| Topical term or geographic name as entry element | Comparative government. |
| 650 #0 - SUBJECT ADDED ENTRY--TOPICAL TERM | |
| Topical term or geographic name as entry element | Globalization |
| General subdivision | Political aspects. |
| 942 ## - ADDED ENTRY ELEMENTS (KOHA) | |
| Item type | |
| Call number prefix | 320.3H4241 |
| Withdrawn status | Item status | Damaged status | Not for loan | Home library | Current library | Shelving location | Date acquired | Source of acquisition | Total Checkouts | Total Renewals | Full call number | Barcode | Date last seen | Date last borrowed | Koha item type |
|---|---|---|---|---|---|---|---|---|---|---|---|---|---|---|---|
| Central Library | Central Library | First floor | 06/11/2005 | Purchase | 5 | 14 | 320.3 HAY | 000002815 | 15/07/2025 | 14/09/2014 | Book - Borrowing | ||||
| Central Library | Central Library | First floor | 06/11/2005 | Purchase | 7 | 21 | 320.3 HAY | 000002814 | 15/07/2025 | 05/04/2017 | Book - Borrowing | ||||
| Central Library | Central Library | First floor | 06/11/2005 | Purchase | 10 | 52 | 320.3 HAY | 000002813 | 15/07/2025 | 01/03/2021 | Book - Borrowing |